| 000 | 00861nam a22002297a 4500 | ||
|---|---|---|---|
| 999 |
_c63915 _d63915 |
||
| 005 | 20240530110705.0 | ||
| 008 | 180115s2016 ua g b 000 0 ara d | ||
| 017 |
_a2015/2514 _bمصر. دار الكتب |
||
| 020 | _a9789777291910 | ||
| 040 |
_aEG-CaGPL _cEG-CaGPL |
||
| 082 | 0 | 4 |
_221 _a346.0821 / _bل ب |
| 100 | 0 | _aلخضر رفاف | |
| 245 | 1 | 0 |
_aبطاقة الائتمان والالتزامات الناشئة عنها / _cلخضر رفاف |
| 260 |
_aالاسكندرية : _bدار الجامعة الجديدة ، _c2016. |
||
| 300 |
_a215 ص. ؛ _c24 سم. |
||
| 504 | _aيشتمل على ارجاعات ببليوجرافية | ||
| 650 | 0 | 7 |
_2qrmak _aالبنوك _xقوانين وتشريعات |
| 651 | _2qrmak | ||
| 653 | 0 | _aالبنوك - بطاقة الائتمان | |
| 942 |
_2ddc _cBK |
||